000 01325cam a22003737a 4500
003 CHAP
005 20220329142310.0
008 000524d2000 mx r 00110 spa d
010 _a81259
011 _a82231
035 _a92719
040 _cCHAP
090 _aTesis
100 0 0 _aTrejo Mancillas, Jaime.
_9114759
245 1 0 _aKochia :
_bopción para la producción de forraje en la Comarca Lagunera
_c/por Jaime Trejo Mancillas
260 _aChapingo, Méx. :
_bEl autor,
_c2000.
300 _a192 h.
502 _aTesis (M.C. en Economía del Desarrollo Rural) -- UACH. División de Ciencias Económico Administrativas
590 _aALEPH
_b10
_c20130110
_lUCH01
_h1435
590 _aBATCH-UPD
_b10
_c20130110
_lUCH01
_h0614
590 _aBATCH-UPD
_b10
_c20130410
_lUCH01
_h0256
590 _aBATCH-UPD
_b10
_c20130914
_lUCH01
_h1431
590 _aCONVERSION
_b10
_c20130109
_lUCH01
_h1345
650 1 4 _aAlimentos y alimentacion del ganado.
_94326
650 1 4 _aForrajes
_xProducción.
_942589
650 1 4 _aGanado lechero
_xComarca Lagunera.
_945247
650 1 4 _aKochia scoparia.
_963592
650 1 4 _aLeche
_xProducción.
_965400
901 _aBK
905 _aLilia Sánchez G.
942 _cFOLL
949 _bBC
_cTES
_d33724000778965
_eTS2
_fc.2
_h36376
_i92719
_si
949 _bBC
_cTES
_d927191
_eTS1
_h36375
_i92719
_sb
999 _c81259
_d81259